000 00346 a2200157 4500
001 70906
020 _a8576261499
040 _cAnchieta - Itaigara
100 _aFreitas, Delmo Lima
240 1 0 _aCem dúvidas gramaticais
_lpor
245 1 0 _aCem dúvidas gramaticais
300 _a158
362 0 _a2005
650 4 _aPortuguês
942 _cBK
999 _c70906
_d70906